Quel est leur premier mondial ? - Clic Quiz - Statistiques

Statistiques générales
  • Ce quiz a été pris 31 fois
  • Le résultat moyen est 10 sur 20
Statistiques - réponses
Hint Réponse % Correct
Cristiano Ronaldo M2006.png
92%
Lionel Messi M2006.png
80%
Jude Bellingham 40a2a61c72-235.webp
80%
Erling Haaland rxwo.png
80%
Guillermo Ochoa M2006.png
76%
Ousmane Dembélé M2018.png
76%
James Rodríguez M2014.png
72%
Manuel Neuer M2010.png
48%
Son Heung-Min M2014.png
48%
Granit Xhaka M2014.png
44%
Yūto Nagatomo M2010.png
40%
Nicolás Otamendi M2010.png
40%
Mohamed Salah M2018.png
40%
Achraf Hakimi M2018.png
32%
Casemiro M2018.png
28%
Luka Modrić M2006.png
24%
Edin Džeko M2014.png
20%
Virgil van Dijk 40a2a61c72-235.webp
16%
Federico Valverde 40a2a61c72-235.webp
16%
David Alaba rxwo.png
12%
Aucun quiz correspondant
Distribution des résultats
% des personnes avec chaque résultat
Percentile par nombre de réponses
Votre historique - résultats
Vous n’avez pas pris ce quiz